Principios de derecho público económico (Record no. 94106)

MARC details
000 -LEADER
campo de control de longitud fija 01016nam a2200265 i 4500
001 - NÚMERO DE CONTROL
campo de control 94106
003 - IDENTIFICADOR DE NÚMERO DE CONTROL
campo de control ES-MaACL
005 - FECHA Y HORA DE LA ÚLTIMA TRANSACCIÓN
campo de control 20250825070453.0
007 - CAMPO FIJO DE DESCRIPCIÓN FÍSICA--INFORMACIÓN GENERAL
campo de control de longitud fija t|
008 - DATOS DE LONGITUD FIJA--INFORMACIÓN GENERAL
campo de control de longitud fija 050621s2004 sp ||||1| spa d
020 ## - NÚMERO INTERNACIONAL ESTÁNDAR DEL LIBRO
Número Internacional Estándar del Libro 84-8444-809-6
080 ## - NÚMERO DE LA CLASIFICACIÓN DECIMAL UNIVERSAL
Número de la Clasificación Decimal Universal 351.82(460)
100 1# - ENTRADA PRINCIPAL--NOMBRE DE PERSONA
Nombre de persona Ariño Ortiz, Gaspar.
9 (RLIN) 22842
245 10 - MENCIÓN DEL TÍTULO
Título Principios de derecho público económico
Resto del título : (modelo de estado, gestión pública, regulación económica) /
Mención de responsabilidad, etc. Gaspar Ariño Ortiz ; con la colaboración de Lucía López de Castro García-Morato ... [et al.].
250 ## - MENCION DE EDICION
Mención de edición [3ª ed. amp.].
260 ## - PUBLICACIÓN, DISTRIBUCIÓN, ETC.
Lugar de publicación, distribución, etc. Granada :
Nombre del editor, distribuidor, etc. Comares,
Fecha de publicación, distribución, etc. 2004.
300 ## - DESCRIPCIÓN FÍSICA
Extensión L, 1089 p. ;
Dimensiones 24 cm.
490 1# - MENCIÓN DE SERIE
Mención de serie Biblioteca Comares de ciencia jurídica
504 ## - NOTA DE BIBLIOGRAFÍA, ETC.
Nota de bibliografía, etc. Bibliografía: p. [1071]-1089.
650 #7 - PUNTO DE ACCESO ADICIONAL DE MATERIA--TÉRMINO DE MATERIA
Término de materia o nombre geográfico como elemento de entrada Derecho administrativo económico
Fuente del encabezamiento o término embne
9 (RLIN) 11647
700 1# - ENTRADA AGREGADA--NOMBRE PERSONAL
Nombre de persona López de Castro García-Morato, Lucía
9 (RLIN) 73534
830 0# - PUNTO DE ACCESO ADICIONAL DE SERIE-TÍTULO UNIFORME
Título uniforme Biblioteca Comares de ciencia jurídica
9 (RLIN) 179318
852 ## - LOCALIZACIÓN
Ubicación ES-MaACL
Número de control de estantería L-29190
Sublocalización o colección R.135784
Holdings
Estatus retirado Estado de pérdida Estado de daño No para préstamo Biblioteca de origen Biblioteca actual Ubicación en estantería Fecha de adquisición Fuente de adquisición Total de préstamos Signatura topográfica completa Código de barras Visto por última vez Precio de reemplazo Tipo de ítem Koha
        Biblioteca del Ateneo de Madrid Biblioteca del Ateneo de Madrid Depósito 2 17/01/2008     L-29190 1098286 23/02/2023 23/02/2023 Libro impreso